Administratívna budova

Saved in:
Bibliographic Details
Main Author: Hlavatý, Matej (Author)
Other Authors: Palková, Adela (Thesis advisor)
Format: Manuscript Book
Language:Slovak
Published: 2025
Subjects:
Online Access:http://is.stuba.sk/zp/portal_zp.pl?podrobnosti=181957
CRZP
Tags: Add Tag
No Tags, Be the first to tag this record!

MARC

LEADER 00000ntm a22000003a 4500
001 stuzp104746
003 SK-STU
005 20250724105220.5
007 ta
008 150427s2015----xo-----f-mn---000-0-slo-d
040 |a STU  |b slo 
041 0 |a slo 
100 1 |a Hlavatý, Matej  |u 010180  |4 aut  |U SvF Stavebná fakulta  |T SvF Katedra konštrukcií pozemných stavieb  |X 103918  |U V180  |Y 18  |7 103918 
242 0 1 |a Administrative building  |y eng 
245 1 0 |a Administratívna budova 
260 |c 2025 
650 4 |a building envelope  |2 eng 
650 4 |a reinforced concrete  |2 eng 
650 4 |a administrative building  |2 eng 
650 4 |a obvodový plášť  |2 slo 
650 4 |a železobetón  |2 slo 
650 4 |a administratívna budova  |2 slo 
700 1 |a Palková, Adela  |u 010180  |k Z1  |4 ths  |U SvF Stavebná fakulta  |T SvF Katedra konštrukcií pozemných stavieb  |X 38081  |U V180  |Y 18  |7 A000038081 
856 4 |u http://is.stuba.sk/zp/portal_zp.pl?podrobnosti=181957 
856 4 |u https://opac.crzp.sk/?fn=detailBiblioForm&sid=809C367C54749DCAA342ABFF7E5A  |z CRZP